La España de la Ilustración (1700-1833) / (Record no. 18429)

MARC details
000 -LEADER
campo de control de longitud fija 00997nam a2200301 i 4500
001 - NÚMERO DE CONTROL
campo de control 18429
003 - IDENTIFICADOR DE NÚMERO DE CONTROL
campo de control ES-MaACL
005 - FECHA Y HORA DE LA ÚLTIMA TRANSACCIÓN
campo de control 20250826063129.0
007 - CAMPO FIJO DE DESCRIPCIÓN FÍSICA--INFORMACIÓN GENERAL
campo de control de longitud fija t|
008 - DATOS DE LONGITUD FIJA--INFORMACIÓN GENERAL
campo de control de longitud fija 011119s2001 sp |||| | spa d
020 ## - NÚMERO INTERNACIONAL ESTÁNDAR DEL LIBRO
Número Internacional Estándar del Libro 84-8432-231-9
080 ## - NÚMERO DE LA CLASIFICACIÓN DECIMAL UNIVERSAL
Número de la Clasificación Decimal Universal 008(460)"17"
080 ## - NÚMERO DE LA CLASIFICACIÓN DECIMAL UNIVERSAL
Número de la Clasificación Decimal Universal 946.0"17/18"
100 1# - ENTRADA PRINCIPAL--NOMBRE DE PERSONA
Nombre de persona Amalric, Jean-Pierre.
9 (RLIN) 21102
245 13 - MENCIÓN DEL TÍTULO
Título La España de la Ilustración (1700-1833) /
Mención de responsabilidad, etc. Jean-Pierre Amalric, Lucienne Domergue ; traducción castellana de Octavi Pellissa.
260 ## - PUBLICACIÓN, DISTRIBUCIÓN, ETC.
Lugar de publicación, distribución, etc. Barcelona :
Nombre del editor, distribuidor, etc. Crítica,
Fecha de publicación, distribución, etc. [2001]
300 ## - DESCRIPCIÓN FÍSICA
Extensión 184 p. :
Otras características físicas il. ;
Dimensiones 23 cm.
490 1# - MENCIÓN DE SERIE
Mención de serie Libros de historia (Crítica)
RLIN 242037
650 04 - PUNTO DE ACCESO ADICIONAL DE MATERIA--TÉRMINO DE MATERIA
Término de materia o nombre geográfico como elemento de entrada Ilustración-
Subdivisión geográfica España
9 (RLIN) 13585
651 #4 - PUNTO DE ACCESO ADICIONAL DE MATERIA--NOMBRE GEOGRÁFICO
Nombre geográfico España-
Subdivisión general Historia-
Subdivisión cronológica S.XVIII.
9 (RLIN) 8359
651 #7 - PUNTO DE ACCESO ADICIONAL DE MATERIA--NOMBRE GEOGRÁFICO
Nombre geográfico España-
Subdivisión general Historia-
Subdivisión cronológica S.XIX
9 (RLIN) 142005
700 1# - ENTRADA AGREGADA--NOMBRE PERSONAL
Nombre de persona Domergue, Lucienne.
9 (RLIN) 45107
700 1# - ENTRADA AGREGADA--NOMBRE PERSONAL
Nombre de persona Pellissa, Octavi.
9 (RLIN) 90100
830 #0 - PUNTO DE ACCESO ADICIONAL DE SERIE-TÍTULO UNIFORME
Título uniforme Libros de historia (Crítica)
9 (RLIN) 242037
852 ## - LOCALIZACIÓN
Ubicación ES-MaACL
Número de control de estantería L-25059
942 ## - ELEMENTOS DE ENTRADA SECUNDARIOS (KOHA)
Fuente del sistema de clasificación o colocación Clasificación decimal universal
Holdings
Estatus retirado Estado de pérdida Estado de daño No para préstamo Biblioteca de origen Biblioteca actual Ubicación en estantería Fecha de adquisición Fuente de adquisición Total de préstamos Signatura topográfica completa Código de barras Visto por última vez Precio de reemplazo Tipo de ítem Koha
        Biblioteca del Ateneo de Madrid Biblioteca del Ateneo de Madrid Depósito 2 17/01/2008     L-25059 1018855 23/02/2023 23/02/2023 Libro impreso